Responses for show #7357 - Tuesday, September 13, 2016

Contestants

Elizabeth Troyer, a pastor from Charlotte, North Carolina

André Hereford, a writer from Washington, D.C.

Annie Busiek, a copywriter from Chicago, Illinois (whose 1-day cash winnings total $21,100)

Jeopardy! Round responses

STATE CAPITAL ATTRACTIONS
AFRICAN AMERICANS
SPICES
IN THE BASEBALL TEAM'S LINEUP
ANIMAL NAMES
I'M JUST A SAYING
    $200 13
Albany

Elizabeth
    $200 22
(André: Who is Elijah Muhammad?)
(Elizabeth: Who is Farrakhan?)

Malcolm X

AndréElizabeth
Triple Stumper
    $200 1
(Elizabeth: What is a pepper?)
(Alex: Be more specific.)
(Elizabeth: What is a hot pepper?)

a chili (pepper)

AnnieElizabeth
    $200 5
the Mets

André
    $200 10
(André: What is a mountain lion?)
(Elizabeth: What is a jaguar?)
(Annie: What is a liger?)

a leopard

AnnieAndréElizabeth
Triple Stumper
    $200 11
like it

Triple Stumper
    $400 14
Baton Rouge

Elizabeth
    $400 21
(Scott) Joplin

André
    $400 2
curry

Annie
    $400 6
the (Boston) Red Sox

Elizabeth
    $400 23
(André: What is a horse?)
(Elizabeth: What is a cow?)
...
(Alex: Yes, [*]. Hefneri. Hugh Hefner.)

a rabbit

AnnieAndréElizabeth
    $400 12
a port

André
    $600 15
(André: What is Delaware?)

Dover

André
Triple Stumper
    $600 29
[The end-of-round signal sounds.]

Shonda Rhimes

André
    $600 3
nutmeg

Annie
    $600 7
the (Atlanta) Braves

Elizabeth
    $600 24
(Alex: You are right, with a minute to go.)

a jellyfish

Elizabeth
    $600 19
(Annie: What is humility?)

charity

AnnieElizabeth
    $1,500 16
(Elizabeth: What is Franklin?)

Frankfort

Elizabeth
    $800 4
turmeric

Elizabeth
    $800 8
the Detroit Tigers

Triple Stumper
    $800 25
beluga

Annie
    $800 20
forearmed

André
    $1000 17
Nashville

Elizabeth
    $1000 28
Valerie Jarrett

Elizabeth
    $1000 18
anise

Annie
    $1000 9
the Twins

Elizabeth
    $1000 27
muskox

Triple Stumper
    $1000 26
in the dark (or in the night)

Triple Stumper

Scores at the first commercial break (after clue 15):

Annie André Elizabeth
$1,000 -$200 $3,000

Scores at the end of the Jeopardy! Round:

Annie André Elizabeth
$2,600 $1,000 $4,100

Double Jeopardy! Round responses

SUDAN IMPACT
DANCE!
NUMERICAL LIT
THE "RED" ZONE
GAME SHOWS IN THE MOVIES
I'M NOT JUST SAYING
    $400 14
Khartoum

André
    $400 1
a bullfighter

Elizabeth
    $400 19
Tibet

Elizabeth
    $400 2
seeing red

Annie
    $400 7
The Hunger Games

Elizabeth
    $400 24
declare

Elizabeth
    $800 15
(Elizabeth: Who is Muhammad?)

Muhammad Ali

Elizabeth
Triple Stumper
    $800 12
lambada

André
    $800 20
God

Elizabeth
    $800 3
red ink

Elizabeth
    $800 8
Running Man

André
    $800 25
liberty

Triple Stumper
    $1200 18
Darfur

Annie
    $1200 13
foxtrot and tango

Annie
    $1200 21
a thousand

Triple Stumper
    $1200 4
inbred

Annie
    $1200 9
Slumdog Millionaire

Elizabeth
    $2,000 26
(Elizabeth: What is the Iliad?)
...
(Alex: Less than a minute to go now.)

the Hippocratic oath

Elizabeth
    $1600 16
the gay tarantella

Triple Stumper
    $1,000 22
Locke

Elizabeth
    $1600 5
shredding

Annie
    $1600 10
Ralph Fiennes

André
    $1600 27
(André: What are the SS?)

the Gestapo

André
Triple Stumper
    $2000 29
[The end-of-round signal sounds.]

Italy

Triple Stumper
    $2000 17
(Elizabeth: What is the quickstep?)

the Charleston

AndréElizabeth
    $2000 23
The 7 Habits of Highly Effective People

Elizabeth
    $2000 6
accreditation

Elizabeth
    $2000 11
the Griswalds

André
    $2000 28
Jonathan Edwards

Annie

Scores at the end of the Double Jeopardy! Round:

Annie André Elizabeth
$10,200 $7,000 $8,700

[wagering suggestions for these scores]

Final Jeopardy! Round responses

19th CENTURY MILITARY MEN
(Alex: [After revealing the correct response] The Dreyfus Affair in France.)
AndréWho is T. Roosevelt
$7,000
ElizabethWho is Teddy Roosevelt?
$5,301
AnnieWho is Bismark
$8,701
Alfred Dreyfus

Final scores:

Annie André Elizabeth
$1,499 $0 $3,399
2nd place: $2,000 3rd place: $1,000 New champion: $3,399

Game dynamics:

Coryat scores:

Annie André Elizabeth
$10,200 $7,000 $12,800
12 R,
2 W
11 R,
5 W
20 R
(including 1 DD),
8 W
(including 2 DDs)

Combined Coryat: $30,000

The J! Archive is created by fans, for fans. The Jeopardy! game show and all elements thereof, including but not limited to copyright and trademark thereto, are the property of Jeopardy Productions, Inc. and are protected under law. This website is not affiliated with, sponsored by, or operated by Jeopardy Productions, Inc. Join the discussion at JBoard.tv.